Frontera Argentina - Regiones, Departamentos, Estados - Estadísticas

Estadísticas generales
  • Esta prueba ha sido intentada 101 veces
  • La puntuación promedio es 11 de 33
Estadísticas de respuestas
Pais División Administrativa Nombre % Correcto
Chile Región Región Metropolitana de Santiago
67%
Brasil Estado Río Grande do Sul
54%
Brasil Estado Paraná
51%
Brasil Estado Santa Catarina
51%
Chile Región Antofagasta
50%
Chile Región Atacama
47%
Chile Región Valparaíso
47%
Chile Región Región de Magallanes y Antártica Chilena
43%
Uruguay Departamento Salto
43%
Chile Región Biobío
42%
Uruguay Departamento Artigas
39%
Uruguay Departamento Colonia
38%
Uruguay Departamento Paysandú
38%
Bolivia Departamento Tarija
38%
Chile Región Los Lagos
37%
Chile Región La Araucanía
36%
Chile Región Los Ríos
33%
Chile Región Coquimbo
30%
Bolivia Departamento Potosí
30%
Paraguay Departamento Misiones
28%
Chile Región Maule
26%
Chile Región Aysén del General Carlos Ibáñez del Campo
24%
Uruguay Departamento Río Negro
24%
Chile Región Ñuble
21%
Paraguay Departamento Presidente Hayes
21%
Uruguay Departamento Soriano
18%
Paraguay Departamento Boquerón
14%
Paraguay Departamento Itapúa
13%
Paraguay Departamento Alto Paraná
11%
Paraguay Departamento Central
11%
Paraguay Departamento Distrito Capital
11%
Paraguay Departamento Ñeembucú
11%
Chile Región Libertador General Bernardo O'Higgins
5%
No se encontraron pruebas coincidentes
Distribución de puntuación
Porcentaje de gente con cada puntuación
Porcentaje por número respondido
Historial de tus puntuaciones
No has intentado esta prueba.